| 000 | 00432cam a2200181ua 4500 | ||
|---|---|---|---|
| 020 | _c21.00 | ||
| 041 |
_aeng _h |
||
| 082 |
_a425 _bBER/PO |
||
| 100 | _aBerry, Francis . | ||
| 245 |
_aPoet`s grammar / _cFrancis Berry. _hTextual Documents |
||
| 250 |
_a1 / _b. |
||
| 260 |
_aLondon : _bRoutledge & Kegan Paul Ltd , _c1958. |
||
| 300 | _a189 ; . | ||
| 365 | _a21.00 | ||
| 504 | _a | ||
| 942 | _cBK | ||
| 999 |
_c5684 _d5684 |
||